Abaddón el exterminador/ (Record no. 187830)
[ view plain ]
| 000 -CABECERA | |
|---|---|
| campo de control de longitud fija | 00597nam a2200205 u 4500 |
| 005 - FECHA Y HORA DE LA ÚLTIMA TRANSACCIÓN | |
| campo de control | 20240823063913.0 |
| 008 - ELEMENTOS DE LONGITUD FIJA--INFORMACIÓN GENERAL | |
| campo de control de longitud fija | 170201s1985 mx r 000 0 spa d |
| 020 ## - NÚMERO INTERNACIONAL NORMALIZADO PARA LIBROS | |
| Número Internacional Estándar del Libro | 9682200482 |
| 035 ## - NÚMERO DE CONTROL DEL SISTEMA | |
| Número de control de sistema | UPN01000215730 |
| 049 ## - COLECCIÓN | |
| Colección | CG |
| 050 #4 - SIGNATURA TOPOGRÁFICA DE LA BIBLIOTECA DEL CONGRESO | |
| Número de clasificación | PQ7797 S2.14 |
| Número de documento/Ítem | A2.2 |
| 100 1# - ASIENTO PRINCIPAL--NOMBRE PERSONAL | |
| Nombre de persona | Sábato, Ernesto, |
| Fechas asociadas al nombre | 1911-2011 |
| 9 (RLIN) | 28029 |
| 245 10 - MENCIÓN DE TÍTULO | |
| Título | Abaddón el exterminador/ |
| Mención de responsabilidad, etc. | Ernesto Sabato. |
| 260 ## - PUBLICACIÓN, DISTRIBUCIÓN, ETC. | |
| Lugar de publicación, distribución, etc. | México : |
| Nombre del editor, distribuidor, etc. | Origen : |
| -- | Planeta, |
| Fecha de publicación, distribución, etc. | c1985. |
| 300 ## - DESCRIPCIÓN FÍSICA | |
| Extensión | 480 p. |
| 440 #0 - MENCIÓN DE SERIE/ASIENTO SECUNDARIO--TÍTULO | |
| Título | Literatura contemporánea seix barral ; |
| Designación de volumen o secuencia | 17 |
| 650 #4 - ASIENTO SECUNDARIO DE MATERIA - TERMINO TEMATICO | |
| Término de materia o nombre geográfico como elemento de entrada | Novela argentina |
| Subdivisión cronológica | Siglo XX |
| 9 (RLIN) | 15400 |
| 905 ## - TIPO DE MATERIAL | |
| Tipo de material | Libro |
| Estado de retiro | Estado de pérdida | Fuente del sistema de clasificación o colocación | Estado dañado | No para préstamo | Código de colección | Localización permanente | Ubicación/localización actual | Ubicación en estantería | Total de préstamos | Clasificación | Código de barras | Fecha visto por última vez | Número de copia | Tipo de ítem Koha |
|---|---|---|---|---|---|---|---|---|---|---|---|---|---|---|
| Library of Congress Classification | Colección General | Bib. Gregorio Torres Quintero | Bib. Gregorio Torres Quintero | Planta baja | PQ7797 S2.14 A2.2 | 315913 | 31/12/2020 | 1 | Libro |
